Statistics for Official BRICS Languages

Click here to take the quiz!

General Stats

  • This quiz has been taken 37 times
    (9 since last reset)
  • The average score is 16 of 22

Answer Stats

Official in:Language% Correct
Egypt, Saudi Arabia, United Arab EmiratesArabic
100%
India, South AfricaEnglish
100%
IndiaHindi
100%
ChinaMandarin
100%
IranPersian
100%
BrazilPortuguese
100%
RussiaRussian
100%
South AfricaXhosa
89%
South AfricaZulu
89%
South AfricaAfrikaans
78%
EthiopiaAmharic
78%
South AfricaSesotho
67%
EthiopiaSomali
67%
EthiopiaOromo
56%
South AfricaSwazi
56%
EthiopiaTigrinya
56%
South AfricaTswana
56%
EthiopiaAfar
44%
South AfricaNorthern Sotho
44%
South AfricaVenda
44%
South AfricaNdebele
33%
South AfricaTsonga
33%

Score Distribution

Percentile by Number Answered

Percent of People with Each Score

Your Score History

You have not taken this quiz since the last reset